LIBRARY ONLINE CATALOGUE

Fundamentals of accounting / (Record no. 16622)

MARC details
000 -LEADER
fixed length control field 00669cam a22002292 4500
001 - CONTROL NUMBER
control field 0000021006
003 - CONTROL NUMBER IDENTIFIER
control field OSt
005 - DATE AND TIME OF LATEST TRANSACTION
control field 20180131124712.0
008 - FIXED-LENGTH DATA ELEMENTS--GENERAL INFORMATION
fixed length control field 120106s xx 000 0 eng d
020 ## - INTERNATIONAL STANDARD BOOK NUMBER
International Standard Book Number 9966010874 :
040 ## - CATALOGING SOURCE
Original cataloging agency KABU
Transcribing agency KABU
050 #0 - LIBRARY OF CONGRESS CALL NUMBER
Classification number HF5635
Item number .W36 2017 c. 1
100 1# - MAIN ENTRY--PERSONAL NAME
Personal name Wang'ombe, David K.
245 10 - TITLE STATEMENT
Title Fundamentals of accounting /
Statement of responsibility, etc. David K. Wang'ombe.
250 ## - EDITION STATEMENT
Edition statement 2nd ed.
260 ## - PUBLICATION, DISTRIBUTION, ETC. (IMPRINT)
Place of publication, distribution, etc. Nairobi :
Name of publisher, distributor, etc. Focus,
Date of publication, distribution, etc. 2017.
300 ## - PHYSICAL DESCRIPTION
Extent 586 p.
650 #0 - SUBJECT ADDED ENTRY--TOPICAL TERM
Topical term or geographic name as entry element Accounting.
908 ## - PUT COMMAND PARAMETER (RLIN)
Put command parameter 120106
942 ## - ADDED ENTRY ELEMENTS (KOHA)
Source of classification or shelving scheme Library of Congress Classification
Koha item type General Collection
Edition 2nd ed.
Classification part HF5635
Item part .W36 2017 c. 1
Holdings
Withdrawn status Lost status Source of classification or shelving scheme Not for loan Home library Current library Shelving location Date acquired Cost, normal purchase price Total Checkouts Total Renewals Full call number Barcode Date last seen Date last checked out Copy number Price effective from Koha item type
    Library of Congress Classification   Kabarak, Main Campus Kabarak, Main Campus General Stacks 31/01/2018 1114.00 30 3 HF5635 .W36 2017 c. 1 027946 11/11/2025 13/03/2021 c. 1 31/01/2018 General Collection
    Library of Congress Classification   Kabarak, Main Campus Kabarak, Main Campus General Stacks 31/01/2018 1114.00 31 1 HF5635 .W36 2017 c. 2 027947 26/08/2021 18/01/2021 c. 2 31/01/2018 General Collection
    Library of Congress Classification   Kabarak, Main Campus Kabarak, Main Campus General Stacks 31/01/2018 1114.00 6   HF5635 .W36 2017 c. 3 027944 03/06/2022 18/06/2018 c. 3 31/01/2018 General Collection